01347naa#a2200217#i#4500001001600000005001700016011001400033100004100047102000700088200020900095210020500304215001000509608004500519675022300564700005600787700006800843700005800911700006800969700006201037856003001099RU\\bibl\12336920260705155534.7##a1994-4683##a20230731b2023####ek#y0rusy0150####ca##aRU1#aОЦЕНКА ЭФФЕКТИВНОСТИ ЗАНЯТИЙ РАДЖА-ЙОГОЙ В ФОРМИРОВАНИИ ЛИЧНОСТНОЙ СУБЪЕКТНОСТИ СТУДЕНТОКeЖурнальная статья1#aМоскваcНациональный государственный Университет физической культуры, спорта и здоровья им. П.Ф. Лесгафтаd2023##a4 с.##aЖурнальная статья2local##aМетодика физического воспитания. Пути и средства физического воспитания. Учебные заведения физической культуры. 796.011.3#1aГригорьевgВалерий Иванович#1aШароноваgАлександра Владимировна#1aМироноваgОльга Вячеславовна#1aЯрчиковскаяgЛюдмила Вячеславовна#1aХисматуллинgСалават Ахметович4#auchzapiski.lesgaft.spb.ru